[Event "Elit(Vasteras-Solna)"]
[Site "?"]
[Date "2012.02.25"]
[Round "6"]
[White "Azizi, Haroon"]
[Black "Norberg, Erik"]
[Result "0-1"]
[WhiteElo "2210"]
[BlackElo "2234"]
[PlyCount "172"]
[EventDate "2012.??.??"]

1. e4 g6 2. d4 Bg7 3. Nc3 c6 4. Nf3 d5 5. h3 dxe4 6. Nxe4 Nd7 7. Bc4 Ngf6 8.
Ng3 O-O 9. O-O b5 10. Bb3 c5 11. dxc5 Nxc5 12. Qe2 a6 13. Ne5 Bb7 14. Rd1 Qc8
15. Bg5 Nxb3 16. axb3 Qe6 17. Bxf6 Qxf6 18. Re1 Rac8 19. c3 Rfd8 20. b4 Qe6 21.
Nf3 Qb3 22. Ra3 Qd5 23. Qxe7 Re8 24. Qxe8+ Rxe8 25. Rxe8+ Bf8 26. Ra1 Kg7 27.
Rae1 Bd6 28. Ne4 Bf4 29. Nc5 Bc6 30. R8e4 Qd6 31. Rd4 Qf6 32. Nd7 Qf5 33. Nde5
Bxf3 34. Nxf3 Bb8 35. Rde4 h5 36. h4 Qd5 37. Re8 Bf4 38. R8e7 Bd6 39. R7e2 Bf4
40. Re4 Bc7 41. g3 Bb6 42. Kg2 Bc7 43. Rd4 Qc6 44. Re2 Bb6 45. Rde4 Bd8 46. Nd4
Qd5 47. f3 Bf6 48. Rd2 Qa2 49. Ne2 Kf8 50. Nc1 Qb1 51. Nd3 Qa2 52. Ree2 g5 53.
hxg5 Bxg5 54. f4 Bf6 55. Nc5 Kg7 56. Nd7 Qc4 57. Nxf6 Kxf6 58. Re5 h4 59. gxh4
Kg7 60. Kg3 Qf1 61. h5 f6 62. Re7+ Kh6 63. Rdd7 Kxh5 64. Rg7 Qe2 65. Rh7+ Kg6
66. Rhe7 Qxb2 67. Rc7 Qd2 68. Rg7+ Kh6 69. Rge7 Kg6 70. Rc5 Qd3+ 71. Kg4 Qd1+
72. Kg3 Qg1+ 73. Kf3 Qf1+ 74. Kg3 Qg1+ 75. Kf3 Qf1+ 76. Kg3 a5 77. f5+ Kh6 78.
Re4 Qg1+ 79. Kf3 a4 80. c4 a3 81. Rc8 Qf1+ 82. Kg4 a2 83. Re7 Qg2+ 84. Kf4 Qf2+
85. Kg4 Qd4+ 86. Kg3 a1=Q 0-1

[Event "Elit(Vasteras-Solna)"]
[Site "?"]
[Date "2012.02.25"]
[Round "6"]
[White "Janse, Rasmus"]
[Black "Landgren, Andreas"]
[Result "1-0"]
[WhiteElo "2253"]
[BlackElo "2250"]
[PlyCount "81"]
[EventDate "2012.??.??"]

1. d4 d5 2. c4 e6 3. Nc3 c6 4. Nf3 dxc4 5. a4 Bb4 6. g3 b5 7. Bg2 Bb7 8. O-O a6
9. Ne5 f6 10. Nf3 Nd7 11. e4 Qe7 12. d5 e5 13. Nh4 Rd8 14. axb5 cxb5 15. Na2
Bc5 16. b4 Bd4 17. Nf5 Qf8 18. Nxd4 exd4 19. Qxd4 Qd6 20. Bf4 Ne5 21. Qa7 Qd7
22. Bxe5 fxe5 23. Bh3 Qxh3 24. Qxb7 Qd7 25. Qxd7+ Rxd7 26. Nc3 Rd6 27. f4 exf4
28. gxf4 Ne7 29. Kf2 O-O 30. Ke3 Rh6 31. Kd4 Rh3 32. Rac1 Rc8 33. f5 Rd3+ 34.
Ke5 Kf7 35. Ne2 Rd8 36. Nf4 Rb3 37. Ne6 Rc8 38. Rg1 Rxb4 39. Rxg7+ Ke8 40. Kf6
Nxd5+ 41. exd5 1-0

[Event "Elit(Rockaden,Sthlm-Solna)"]
[Site "?"]
[Date "2012.02.04"]
[Round "5"]
[White "Lindberg, Bengt"]
[Black "Karlsson, Lars"]
[Result "1-0"]
[WhiteElo "2460"]
[BlackElo "2542"]
[PlyCount "91"]
[EventDate "2012.??.??"]
[SourceDate "2012.03.11"]

1. e4 e6 2. d4 d5 3. Nc3 Bb4 4. e5 c5 5. a3 Bxc3+ 6. bxc3 Qa5 7. Bd2 Qa4 8. Qb1
c4 9. Nh3 Nc6 10. Nf4 b6 11. g3 Bd7 12. Bh3 O-O-O 13. O-O g6 14. Re1 h6 15. Ng2
f5 16. exf6 Nxf6 17. Bxe6 Ne4 18. Bxd7+ Rxd7 19. Qd1 Rf8 20. f3 Nxd2 21. Qxd2
Rxf3 22. Nf4 Qa5 23. Re3 Rxe3 24. Qxe3 Ne7 25. a4 b5 26. Ne6 Nf5 27. Qf3 Rd6
28. Nc5 h5 29. h3 Qd8 30. axb5 Qg5 31. Qf4 Qxg3+ 32. Qxg3 Nxg3 33. Kf2 h4 34.
Rxa7 Rb6 35. Kf3 Rxb5 36. Kf4 Ne2+ 37. Ke5 Nxc3 38. Ra3 Ne4 39. Kxd5 Nxc5 40.
Kc6 Ne6 41. Kxb5 Nxd4+ 42. Kxc4 Nxc2 43. Rc3 Ne1 44. Kd4+ Kd7 45. Ke3 Ng2+ 46.
Kf3 1-0

[Event "Elit(Rockaden,Sthlm-Solna)"]
[Site "?"]
[Date "2012.02.04"]
[Round "5"]
[White "Bator, Robert"]
[Black "Jonsson, Mikael"]
[Result "0-1"]
[WhiteElo "2493"]
[BlackElo "2367"]
[PlyCount "82"]
[EventDate "2012.??.??"]
[SourceDate "2012.03.11"]

1. d4 d5 2. Nf3 c5 3. g3 cxd4 4. Bg2 Nf6 5. O-O e6 6. Nxd4 Be7 7. c4 O-O 8.
cxd5 Nxd5 9. a3 a6 10. Nf5 Bf6 11. e4 Nb6 12. Nd6 Nc6 13. Be3 Bxb2 14. Ra2 Be5
15. Nxc8 Nxc8 16. Rd2 Qa5 17. Qb3 N8e7 18. Rd7 Rfd8 19. Rxb7 Bd4 20. Bd2 Qh5
21. Kh1 Rab8 22. Rxb8 Rxb8 23. Qd3 e5 24. Nc3 a5 25. Nd5 Qg4 26. Nxe7+ Nxe7 27.
Bxa5 h5 28. h3 Qe6 29. Bb4 Nc6 30. Qd2 Nxb4 31. axb4 Qb3 32. Qg5 g6 33. f4 exf4
34. gxf4 Qe3 35. Qe7 Rc8 36. Kh2 Rc1 37. Rxc1 Qxf4+ 38. Kh1 Qxc1+ 39. Kh2 Bg1+
40. Kg3 Qe1+ 41. Kf4 Bh2+ 0-1

[Event "Elit(Rockaden,Sthlm-Solna)"]
[Site "?"]
[Date "2012.02.04"]
[Round "5"]
[White "Karlsson, Tomas"]
[Black "Blomqvist, Erik"]
[Result "0-1"]
[WhiteElo "2294"]
[BlackElo "2514"]
[PlyCount "60"]

1. e4 c5 2. Nc3 Nc6 3. f4 e6 4. Nf3 d5 5. d3 Nf6 6. e5 Nd7 7. g3 b5 8. Bg2 Be7
9. O-O b4 10. Ne2 a5 11. c3 Ba6 12. Be3 O-O 13. g4 a4 14. a3 bxc3 15. bxc3 Rb8
16. Qc2 Qc8 17. Rfc1 Na5 18. Rd1 Nb3 19. Ra2 f6 20. d4 cxd4 21. Nexd4 Ndc5 22.
Rb2 Bc4 23. Bf1 fxe5 24. fxe5 Ne4 25. Kg2 Nxc3 26. Bxc4 Nxd1 27. Qxd1 dxc4 28.
Ra2 Bc5 29. Qe1 Qb7 30. Rf2 Bxd4 0-1

[Event "Elit(Rockaden,Sthlm-Solna)"]
[Site "?"]
[Date "2012.02.04"]
[Round "5"]
[White "Barkhagen, Jonas"]
[Black "Landgren, Andreas"]
[Result "1/2-1/2"]
[WhiteElo "2503"]
[BlackElo "2250"]
[PlyCount "214"]
[SourceDate "2012.03.11"]

1. d4 d5 2. c4 e6 3. Nc3 c6 4. Nf3 dxc4 5. a4 Bb4 6. e3 b5 7. Bd2 a5 8. axb5
Bxc3 9. Bxc3 cxb5 10. b3 Bb7 11. bxc4 b4 12. Bb2 Nf6 13. Bd3 Nbd7 14. O-O O-O
15. Re1 Re8 16. h3 h6 17. c5 Bc6 18. Bc2 Qc7 19. Ba4 Reb8 20. Bxc6 Qxc6 21. Qa4
Qd5 22. Rec1 Ne4 23. Qc2 Qc6 24. Qa4 Qd5 25. Ne1 Ndf6 26. Qd1 Qc6 27. f3 Ng5
28. Qa4 Qa6 29. h4 Ngh7 30. Kf2 Nf8 31. c6 Rc8 32. Rc5 Qb6 33. Nd3 Qc7 34. g3
Nd5 35. Ne5 f6 36. Nc4 Nb6 37. Nxb6 Qxb6 38. Rac1 Rc7 39. Rb5 Qa6 40. Rcc5 Qc8
41. Rxa5 Rxa5 42. Qxa5 Rxc6 43. Qxb4 Qa6 44. Rxc6 Qxc6 45. Qc5 Qa6 46. Ba3 Ng6
47. h5 Nh8 48. e4 Qd3 49. d5 Qd2+ 50. Kg1 Qe1+ 51. Kg2 exd5 52. Qxd5+ Nf7 53.
Bc5 Qe2+ 54. Bf2 Kf8 55. Qa8+ Ke7 56. Qa7+ Ke8 57. Qb8+ Nd8 58. Qb3 Nf7 59.
Qb8+ Nd8 60. Qc8 Qd2 61. Qc4 Nf7 62. Qa4+ Kf8 63. Qd4 Qe2 64. Qe3 Qd1 65. Qc5+
Kg8 66. Qc8+ Kh7 67. Qf5+ Kg8 68. Qe6 Qd8 69. Bc5 Qc7 70. Be7 Qc2+ 71. Kh3 Qd2
72. Bc5 Qc3 73. Qe8+ Kh7 74. Qxf7 Qxc5 75. Qd5 Qf2 76. Kg4 Qe3 77. Qf5+ Kg8 78.
Qf4 Qc5 79. Qb8+ Kh7 80. Qe8 Qg5+ 81. Kh3 Qe3 82. f4 Qe1 83. e5 Qf1+ 84. Kg4
Qe2+ 85. Kf5 Qd3+ 86. Ke6 Qb3+ 87. Ke7 fxe5 88. fxe5 Qa3+ 89. Ke6 Qb3+ 90. Kd7
Qa4+ 91. Kd8 Qa8+ 92. Ke7 Qa3+ 93. Ke6 Qb3+ 94. Kd6 Qa3+ 95. Kd5 Qd3+ 96. Kc6
Qc4+ 97. Kb6 Qd4+ 98. Kc7 Qc3+ 99. Kd7 Qd3+ 100. Kc7 Qc3+ 101. Kb6 Qd4+ 102.
Ka5 Qc3+ 103. Kb5 Qb3+ 104. Kc5 Qc3+ 105. Kd6 Qa3+ 106. Kd7 Qa4+ 107. Ke7 Qa3+
1/2-1/2

[Event "Elit(Rockaden,Sthlm-Solna)"]
[Site "?"]
[Date "2012.02.04"]
[Round "5"]
[White "Steneskog, Per"]
[Black "Zadruzny, Nicolaj"]
[Result "1-0"]
[WhiteElo "2249"]
[BlackElo "2342"]
[PlyCount "69"]

1. d4 e6 2. c4 f5 3. g3 Nf6 4. Bg2 Bb4+ 5. Bd2 Qe7 6. Nh3 O-O 7. O-O Bxd2 8.
Qxd2 d6 9. Nc3 e5 10. Nd5 Nxd5 11. cxd5 f4 12. Rac1 g5 13. dxe5 dxe5 14. gxf4
gxf4 15. Kh1 Kh8 16. Rg1 Na6 17. Qc3 Bg4 18. Be4 Bf5 19. Ng5 Bxe4+ 20. Nxe4
Rad8 21. Qb3 b6 22. Qc4 Qb4 23. Qxb4 Nxb4 24. Rxc7 Nxd5 25. Rxa7 Nf6 26. Rgg7
Rg8 27. Rxg8+ Nxg8 28. Ng5 Rd1+ 29. Kg2 Nf6 30. Nf7+ Kg8 31. Nh6+ Kh8 32. Nf7+
Kg8 33. Nxe5 Rd2 34. Kf3 Rxb2 35. Nd3 1-0

[Event "Elit(Rockaden,Sthlm-Solna)"]
[Site "?"]
[Date "2012.02.04"]
[Round "5"]
[White "Hedman, Erik"]
[Black "Azizi, Haroon"]
[Result "1-0"]
[WhiteElo "2444"]
[BlackElo "2210"]
[PlyCount "35"]
[EventDate "2012.??.??"]

1. e4 Nf6 2. e5 Nd5 3. c4 Nb6 4. c5 Nd5 5. Nc3 Nxc3 6. bxc3 d5 7. Nf3 e6 8. d4
b6 9. Be3 Be7 10. Bd3 O-O 11. h4 g6 12. Ng5 h6 13. Nh3 Kg7 14. h5 g5 15. f4 Rg8
16. fxg5 hxg5 17. O-O Bd7 18. h6+ 1-0

[Event "Elit(Rockaden,Sthlm-Solna)"]
[Site "?"]
[Date "2012.02.04"]
[Round "5"]
[White "Bjarnehag, Peter"]
[Black "Berovski, Krum"]
[Result "0-1"]
[WhiteElo "2181"]
[BlackElo "2324"]
[PlyCount "172"]

1. Nf3 e6 2. c4 Nf6 3. g3 d5 4. d4 Bb4+ 5. Bd2 a5 6. Bxb4 axb4 7. Nbd2 b6 8.
Bg2 c5 9. Qc2 Nbd7 10. e4 O-O 11. O-O Bb7 12. exd5 exd5 13. dxc5 Nxc5 14. Nd4
dxc4 15. Bxb7 Nxb7 16. Qxc4 b5 17. Qd3 Nc5 18. Qe3 Re8 19. Qf4 Nd3 20. Qh4 Nxb2
21. N4b3 Nd3 22. Qd4 Re2 23. Rad1 Qxd4 24. Nxd4 Ree8 25. N2f3 Nc5 26. Rb1 Nd5
27. Rfc1 Nd3 28. Rc2 Nc3 29. Rf1 Rxa2 30. Rxa2 Nxa2 31. Rd1 Ndc1 32. Nxb5 b3
33. Rd2 f6 34. Nfd4 Nb4 35. Na3 Ra8 36. Nc4 Ra2 37. Rd1 Nc6 38. Rxc1 Nxd4 39.
Rd1 Ne2+ 40. Kg2 Nc3 41. Rd8+ Kf7 42. Rb8 Ne4 43. Rxb3 Rxf2+ 44. Kg1 Rc2 45.
Ne3 Ra2 46. Nf5 Kg6 47. Rb5 Ra7 48. Nh4+ Kf7 49. Rb4 Nd6 50. Rb2 f5 51. Kg2 Kf6
52. Nf3 Nc4 53. Re2 g5 54. h3 f4 55. gxf4 gxf4 56. Nd2 Ne5 57. Nf3 Rg7+ 58. Kf2
Nd3+ 59. Kf1 Rg3 60. Ng1 h5 61. Re8 Kg5 62. Rg8+ Kh4 63. Rd8 Re3 64. Kg2 Ne5
65. Rf8 Rg3+ 66. Kf2 Nd3+ 67. Kf1 Kg5 68. Rg8+ Kf5 69. Rf8+ Ke4 70. Re8+ Ne5
71. Rh8 h4 72. Kf2 Ng6 73. Ra8 Kf5 74. Ra4 Ne5 75. Ra5 Rb3 76. Ra4 Rb2+ 77. Kf1
Rh2 78. Ra5 Rb2 79. Nf3 Rb1+ 80. Ke2 Rb2+ 81. Kd1 Ke4 82. Nxe5 f3 83. Ng4 Kf4
84. Ra3 Kg3 85. Ne5 Rf2 86. Rb3 Rg2 0-1

[Event "Elit(Rockaden,Sthlm-Solna)"]
[Site "?"]
[Date "2012.02.04"]
[Round "5"]
[White "Engqvist, Thomas"]
[Black "Lindborg, Petter"]
[Result "1-0"]
[WhiteElo "2426"]
[BlackElo "2142"]
[PlyCount "87"]

1. b3 d5 2. Bb2 Bg4 3. h3 Bh5 4. d4 e6 5. Nd2 Nf6 6. Ngf3 Ne4 7. g3 Bxf3 8.
exf3 Nxd2 9. Qxd2 Be7 10. f4 Bf6 11. h4 h5 12. Qb4 b6 13. O-O-O a5 14. Qe1 g6
15. Bd3 Kf8 16. f3 Nc6 17. Bb5 Na7 18. Bf1 Qd6 19. Kb1 a4 20. bxa4 Nc6 21. Bb5
Na5 22. Qe3 Kg7 23. Ba3 Qd8 24. g4 c6 25. Bd3 Nc4 26. Bxc4 dxc4 27. f5 hxg4 28.
fxg4 g5 29. Bc1 exf5 30. hxg5 Be7 31. gxf5 Bxg5 32. Qxg5+ Qxg5 33. Bxg5 Rxh1
34. Rxh1 f6 35. Bh4 Rxa4 36. Rg1+ Kf7 37. Rg6 c3 38. Rxf6+ Ke8 39. Re6+ Kd7 40.
Re7+ Kd6 41. f6 Ra8 42. Bg3+ Kd5 43. f7 Rf8 44. Be5 1-0

[Event "Elit(Rockaden,Sthlm-Team Viking)"]
[Site "?"]
[Date "2012.03.09"]
[Round "7"]
[White "Agrest, Evgenij"]
[Black "Karlsson, Lars"]
[Result "1-0"]
[WhiteElo "2714"]
[BlackElo "2542"]
[PlyCount "111"]
[EventDate "2012.??.??"]
[SourceDate "2012.03.10"]

1. Nf3 e6 2. c4 f5 3. g3 Nf6 4. Bg2 d5 5. O-O Be7 6. cxd5 exd5 7. b3 O-O 8. Bb2
Nc6 9. e3 Ne4 10. d3 Bf6 11. Qc1 Bxb2 12. Qxb2 Nc5 13. Rd1 a5 14. Na3 Nb4 15.
Qc3 Ne6 16. Nb5 c6 17. Nbd4 Nxd4 18. Nxd4 Na6 19. a3 Nc7 20. b4 Ne6 21. b5 Nxd4
22. Qxd4 Qf6 23. Qc5 Bd7 24. bxc6 bxc6 25. Rab1 Rfb8 26. Rxb8+ Rxb8 27. Qxa5
Qd6 28. Qc3 c5 29. Re1 Be6 30. Bf3 f4 31. exf4 d4 32. Qa5 Bf7 33. Rc1 Bd5 34.
Bxd5+ Qxd5 35. Qxc5 Qxc5 36. Rxc5 Rb3 37. Rd5 Rxd3 38. Kf1 Rxa3 39. Rxd4 Ra7
40. Rd6 Kf7 41. Ke2 Ra2+ 42. Rd2 Ra3 43. Rd3 Ra2+ 44. Kf3 Ra5 45. h3 h6 46. g4
Rb5 47. f5 Ra5 48. Kg3 Rb5 49. h4 Ra5 50. f3 Rb5 51. Rd4 Rb1 52. g5 h5 53. Rd7+
Kf8 54. Kf4 Rb4+ 55. Ke5 Rb3 56. g6 1-0

[Event "Elit(Rockaden,Sthlm-Team Viking)"]
[Site "?"]
[Date "2012.03.09"]
[Round "7"]
[White "Wiedenkeller, Michael"]
[Black "Kotronias, Vassilios"]
[Result "0-1"]
[WhiteElo "2522"]
[BlackElo "2685"]
[PlyCount "108"]
[EventDate "2012.??.??"]

1. c4 Nf6 2. g3 g6 3. Bg2 Bg7 4. Nc3 O-O 5. e4 c5 6. Nge2 Nc6 7. O-O a6 8. d3
d6 9. h3 Rb8 10. a4 Ne8 11. Be3 Nc7 12. d4 cxd4 13. Nxd4 Ne6 14. Nde2 Bd7 15.
b3 b6 16. Rb1 Nb4 17. Nd5 Nxd5 18. exd5 Nc5 19. Nd4 Qc7 20. Qd2 a5 21. Bh6 Bxh6
22. Qxh6 e5 23. dxe6 fxe6 24. Qd2 Rf6 25. f4 Rbf8 26. Ne2 Bc6 27. Nc3 Qb7 28.
b4 axb4 29. Rxb4 Bxg2 30. Qxg2 Qc7 31. Nb5 Qe7 32. Nd4 e5 33. Qd5+ Kh8 34. Ne2
exf4 35. Nxf4 Qe3+ 36. Kh2 Nd3 37. Rbb1 Nxf4 38. gxf4 Rxf4 39. Rxf4 Rxf4 40.
Rg1 Rf2+ 41. Rg2 Rf3 42. Rg4 Rxh3+ 43. Kg2 Rh5 44. Qd4+ Qxd4 45. Rxd4 Rc5 46.
Rxd6 Rxc4 47. Rxb6 Rxa4 48. Rb7 Rf4 49. Kg3 Rf5 50. Kg4 Kg8 51. Ra7 Rf7 52. Ra6
Kg7 53. Ra5 Rb7 54. Ra4 h5+ 0-1

[Event "Elit(Rockaden,Sthlm-Team Viking)"]
[Site "?"]
[Date "2012.03.09"]
[Round "7"]
[White "Matlakov, Maxim"]
[Black "Bator, Robert"]
[Result "0-1"]
[WhiteElo "2667"]
[BlackElo "2493"]
[PlyCount "41"]
[SourceDate "2012.03.11"]

1. d4 d5 2. c4 c6 3. Nf3 e6 4. Nc3 f5 5. Bf4 Nf6 6. e3 Be7 7. h3 Ne4 8. g4 Qa5
9. Rc1 Nxc3 10. bxc3 Qxa2 11. gxf5 exf5 12. cxd5 cxd5 13. Ne5 O-O 14. Bg2 g5
15. Qh5 Qa3 16. Bxd5+ Kg7 17. Kd2 Qb2+ 18. Rc2 Qb5 19. Bxg5 Qxd5 20. Qh6+ Kg8
21. Bxe7 0-1

[Event "Elit(Rockaden,Sthlm-Team Viking)"]
[Site "?"]
[Date "2012.03.09"]
[Round "7"]
[White "Blomqvist, Erik"]
[Black "Ivanov, Sergej"]
[Result "0-1"]
[WhiteElo "2514"]
[BlackElo "2615"]
[PlyCount "126"]
[EventDate "2012.??.??"]

1. Nf3 Nf6 2. c4 e6 3. g3 a6 4. Bg2 b5 5. Na3 b4 6. Nc2 Bb7 7. O-O c5 8. d3 d6
9. e4 Nbd7 10. Nh4 Qc7 11. f4 Be7 12. b3 a5 13. a3 bxa3 14. Rxa3 O-O 15. Bd2
Nb8 16. g4 Nc6 17. g5 Nd7 18. f5 Nce5 19. Qh5 g6 20. Qe2 exf5 21. exf5 d5 22.
f6 Bd6 23. Ne3 dxc4 24. dxc4 Rfe8 25. Nd5 Qb8 26. Kh1 Nc6 27. Qg4 Nde5 28. Qd1
Nb4 29. Bxb4 cxb4 30. Ra2 a4 31. Rxa4 Rxa4 32. bxa4 Nxc4 33. Qd4 Bxd5 34. Bxd5
Ne3 35. Rf2 Nxd5 36. Qxd5 Qa8 37. Rd2 Bf4 38. Qxa8 Rxa8 39. Rd4 Bxg5 40. Nf3
Bxf6 41. Rxb4 Rc8 42. Kg2 Kg7 43. Kf2 Rc3 44. Ke2 Ra3 45. Nd2 h5 46. h4 Be7 47.
Re4 Bd8 48. Rd4 Bb6 49. Re4 Kf6 50. Rb4 Ba5 51. Rf4+ Ke6 52. Nf3 f6 53. Rc4 Bc3
54. Kd3 Be5+ 55. Ke2 Bd6 56. Nd2 Kd5 57. Rc8 Rxa4 58. Rg8 Rg4 59. Nf3 Ke4 60.
Re8+ Be5 61. Rc8 Rg2+ 62. Kf1 Kxf3 63. Rc3+ Ke4 0-1

[Event "Elit(Rockaden,Sthlm-Team Viking)"]
[Site "?"]
[Date "2012.03.09"]
[Round "7"]
[White "Hedman, Erik"]
[Black "Carlsson, Pontus"]
[Result "1/2-1/2"]
[WhiteElo "2444"]
[BlackElo "2618"]
[PlyCount "83"]

1. e4 c5 2. Nf3 d6 3. d4 cxd4 4. Nxd4 Nf6 5. Nc3 g6 6. Be3 Bg7 7. f3 O-O 8. Bc4
Nc6 9. Bb3 Bd7 10. Qd2 Ne5 11. O-O-O Rc8 12. Kb1 Nc4 13. Bxc4 Rxc4 14. g4 b5
15. b3 b4 16. bxc4 bxc3 17. Qxc3 Qc7 18. h4 h5 19. g5 Nh7 20. Ka1 Rc8 21. Rb1
Nf8 22. Rb3 Ne6 23. Qd2 Nc5 24. Rhb1 Nxb3+ 25. cxb3 a5 26. Kb2 a4 27. Rc1 axb3
28. axb3 Rb8 29. Kc2 Qb7 30. Qc3 Qc7 31. Kd3 Qb7 32. Rb1 d5 33. cxd5 Rc8 34.
Qa5 Ra8 35. Qc5 Rc8 36. Qa5 Ra8 37. Qc5 Qa6+ 38. Qc4 Qa2 39. Qc2 Qa6+ 40. Qc4
Qa2 41. Qc2 Qa6+ 42. Qc4 1/2-1/2

[Event "Elit(Rockaden,Umea-Kamraterna)"]
[Site "?"]
[Date "2012.03.09"]
[Round "7"]
[White "Aberg, Anton"]
[Black "Petrov, Marijan"]
[Result "0-1"]
[WhiteElo "2403"]
[BlackElo "2531"]
[PlyCount "62"]
[SourceDate "2012.03.12"]

1. c4 g6 2. Nc3 Bg7 3. g3 e5 4. Bg2 d6 5. e3 f5 6. d3 Nf6 7. Nge2 c6 8. O-O O-O
9. Rb1 Be6 10. b4 d5 11. f4 e4 12. Nd4 Bf7 13. cxd5 Nxd5 14. Nxd5 Bxd4 15. exd4
Bxd5 16. dxe4 Bxe4 17. Bxe4 fxe4 18. Qb3+ Qd5 19. b5 Nd7 20. bxc6 bxc6 21.
Qxd5+ cxd5 22. Rb7 Nb6 23. g4 Rf7 24. Rxf7 Kxf7 25. f5 Rc8 26. fxg6+ Kxg6 27.
h4 h5 28. Kg2 Rc2+ 29. Kg3 Rc3+ 30. Kg2 hxg4 31. Rh1 Kh5 0-1

[Event "Elit(Rockaden,Umea-Kamraterna)"]
[Site "?"]
[Date "2012.03.09"]
[Round "7"]
[White "Wickstrom, Lucas"]
[Black "Svensson, Bengt"]
[Result "0-1"]
[WhiteElo "2344"]
[BlackElo "2457"]
[PlyCount "40"]

1. d4 d5 2. c4 dxc4 3. e4 e5 4. Nf3 exd4 5. Bxc4 Bb4+ 6. Nbd2 Nc6 7. O-O Nf6 8.
a3 Bxd2 9. Bxd2 O-O 10. Re1 Bg4 11. e5 Nd7 12. Bf4 Nc5 13. b4 Ne6 14. Bd2 d3
15. Re3 Ncd4 16. Qf1 Bxf3 17. gxf3 Qg5+ 18. Kh1 Nxf3 19. Bc3 Qf4 20. Qg2 Qxc4
0-1

[Event "Elit(Rockaden,Umea-Kamraterna)"]
[Site "?"]
[Date "2012.03.09"]
[Round "7"]
[White "Madebrink, Lars"]
[Black "Forsberg, Viktor"]
[Result "1-0"]
[WhiteElo "2276"]
[BlackElo "2314"]
[PlyCount "163"]

1. c4 g6 2. Nc3 Bg7 3. d4 Nf6 4. Nf3 O-O 5. g3 d6 6. Bg2 Nbd7 7. O-O e5 8. h3
c6 9. e4 Qa5 10. Be3 exd4 11. Bxd4 Ne5 12. c5 Rd8 13. b4 Qc7 14. cxd6 Nxf3+ 15.
Qxf3 Qxd6 16. Rad1 Qe7 17. Bc5 Qe8 18. Rxd8 Qxd8 19. Rd1 Qe8 20. Qe3 Nd7 21.
Bd4 Bf8 22. e5 a5 23. Ne4 axb4 24. Bb2 Bg7 25. Nd6 Qe6 26. f4 Nf8 27. Bf1 Qe7
28. Qb6 Be6 29. Qxb4 Rxa2 30. Bd4 b5 31. Bc5 Ra4 32. Qb1 Ba2 33. Qc1 Qe6 34.
Bg2 Bd5 35. Bf1 Nd7 36. Bf2 Ra2 37. Qe3 Bf8 38. Ne4 Ra3 39. Qe1 b4 40. Ng5 Qe8
41. e6 fxe6 42. Bd4 h6 43. Ne4 Qf7 44. Bd3 c5 45. Bb2 Ra2 46. Ba1 Bg7 47. Bxg7
Qxg7 48. Bc4 Ra7 49. Bxd5 exd5 50. Nd6 Nf6 51. Qe6+ Kh7 52. f5 b3 53. Rf1 b2
54. Qe5 Ra2 55. fxg6+ Qxg6 56. Nf5 Ra1 57. Qc7+ Kh8 58. Qb8+ Kh7 59. Qc7+ Kh8
60. Qb8+ Qe8 61. Qxb2 Rxf1+ 62. Kxf1 d4 63. Qb6 Qe5 64. g4 h5 65. Qd8+ Kh7 66.
Qf8 Nxg4 67. Qf7+ Kh8 68. Qxh5+ Kg8 69. Qxg4+ Kf7 70. Ng3 Qe3 71. Qd7+ Kg6 72.
Qd6+ Kh7 73. Qd7+ Kg6 74. Qg4+ Kh7 75. Nf5 Qd3+ 76. Kf2 Qd2+ 77. Kf3 Qc3+ 78.
Kf4 d3 79. Kg5 c4 80. Qh5+ Kg8 81. Nh6+ Kf8 82. Qf7# 1-0

[Event "Elit(Rockaden,Umea-Kamraterna)"]
[Site "?"]
[Date "2012.03.09"]
[Round "7"]
[White "Malmstig, Erik"]
[Black "Andreasson, Ingvar"]
[Result "1/2-1/2"]
[WhiteElo "2334"]
[BlackElo "2414"]
[PlyCount "107"]

1. d4 g6 2. e4 Bg7 3. h4 h5 4. Bc4 c5 5. Qf3 d5 6. Bxd5 e6 7. Bb3 cxd4 8. Bg5
Qa5+ 9. Bd2 Qc5 10. Ne2 Nc6 11. Nc1 Qe7 12. Nd3 e5 13. Na3 Nf6 14. Qe2 Be6 15.
Ba4 O-O 16. Bxc6 bxc6 17. Bb4 Qb7 18. Bxf8 Bxf8 19. O-O Ng4 20. Rfb1 Rb8 21.
Qe1 Qa6 22. f3 Ne3 23. Nxe5 Bd6 24. f4 Bxe5 25. fxe5 Ng4 26. Qg3 Rb4 27. Kh1
Qb6 28. b3 a5 29. Rf1 Qc5 30. Rac1 Qe7 31. Nb1 Rb5 32. Nd2 Rxe5 33. Rf4 Rc5 34.
Nf3 Rc3 35. e5 c5 36. Rf1 Bd5 37. Qe1 Re3 38. Qg3 Re2 39. Rxg4 hxg4 40. Qxg4
Bxf3 41. Qxf3 Rxe5 42. Qa8+ Kg7 43. Qxa5 Re2 44. Qa8 Qxh4+ 45. Kg1 Qe7 46. Qd5
Rxc2 47. b4 Qe3+ 48. Kh1 Qe6 49. Qd8 Qe5 50. bxc5 Rxc5 51. Qd7 Qd5 52. Rxf7+
Qxf7 53. Qxd4+ Kh7 54. Qxc5 1/2-1/2

[Event "Elit(Rockaden,Umea-Kamraterna)"]
[Site "?"]
[Date "2012.03.09"]
[Round "7"]
[White "Svenn, Matti"]
[Black "Engman, Rickard"]
[Result "0-1"]
[WhiteElo "2262"]
[BlackElo "2251"]
[PlyCount "54"]

1. e4 e5 2. Nf3 Nc6 3. Bb5 a6 4. Ba4 Nf6 5. O-O Be7 6. Re1 b5 7. Bb3 O-O 8. h3
Bb7 9. c3 d5 10. d4 Nxe4 11. dxe5 Bc5 12. Be3 Bxe3 13. Rxe3 Na5 14. Nbd2 Nxb3
15. axb3 c5 16. Nf1 f5 17. exf6 Qxf6 18. Rd3 Rad8 19. Ne3 d4 20. Ng4 Qf4 21. b4
h5 22. Ngh2 Nxf2 23. Kxf2 Qxh2 24. Qg1 Qf4 25. bxc5 Be4 26. Rad1 Bxd3 27. Rxd3
dxc3 0-1

[Event "Elit(Rockaden,Umea-Kamraterna)"]
[Site "?"]
[Date "2012.03.09"]
[Round "7"]
[White "Lindgren, Fredrik"]
[Black "Hamark, Jesper"]
[Result "1/2-1/2"]
[WhiteElo "2199"]
[BlackElo "2395"]
[PlyCount "137"]

1. Nf3 d5 2. d4 Nc6 3. c4 Bg4 4. Nc3 e6 5. Bg5 f6 6. cxd5 exd5 7. Bf4 Bb4 8. e3
Nge7 9. Qb3 Qd7 10. a3 Bxc3+ 11. Qxc3 g5 12. Bg3 h5 13. h4 Nf5 14. Bb5 Nxg3 15.
fxg3 Qd6 16. Bxc6+ Qxc6 17. Qxc6+ bxc6 18. hxg5 Bxf3 19. gxf3 fxg5 20. Rh2 Ke7
21. O-O-O Raf8 22. Rf1 Rh6 23. Kd2 Rb8 24. Kc3 Rbh8 25. Rg1 Ke6 26. Rgh1 Ke7
27. Kd3 Ke6 28. b4 Kf6 29. e4 dxe4+ 30. fxe4 h4 31. g4 Ke7 32. Rf1 Rf8 33. Rf5
Rxf5 34. exf5 Kd6 35. Ke4 Rf6 36. Rf2 Rf7 37. f6 Ke6 38. Rc2 Kxf6 39. Rxc6+ Kg7
40. Ke5 h3 41. Rc2 Kf8 42. d5 Kg8 43. Ke6 Kg7 44. b5 Kg6 45. Rh2 Rf3 46. a4 Ra3
47. Kd7 Rc3 48. a5 Kf6 49. d6 cxd6 50. Kxd6 Rd3+ 51. Kc6 Ke5 52. Rf2 Ke4 53. a6
Rf3 54. Rxf3 Kxf3 55. b6 h2 56. b7 h1=Q 57. b8=Q Kxg4+ 58. Kc7 Qh7+ 59. Kc8 Qe7
60. Qb7 Qe8+ 61. Kc7 Qe7+ 62. Kb8 Qc5 63. Qxa7 Qd6+ 64. Kc8 Qc6+ 65. Kd8 Qf6+
66. Kc8 Qc6+ 67. Kd8 Qf6+ 68. Kc8 Qc6+ 69. Kd8 1/2-1/2

[Event "Elit(Rockaden,Umea-Kamraterna)"]
[Site "?"]
[Date "2012.03.09"]
[Round "7"]
[White "Borvander, Tom"]
[Black "Eriksson, Jorgen"]
[Result "0-1"]
[WhiteElo "2228"]
[BlackElo "2246"]
[PlyCount "102"]

1. d4 d5 2. c4 c6 3. Nf3 Nf6 4. Nc3 a6 5. g3 Bf5 6. Bg2 e6 7. O-O Nbd7 8. Nh4
Bg4 9. h3 Bh5 10. g4 Bg6 11. Nxg6 hxg6 12. Bf4 Be7 13. Qd3 O-O 14. a4 dxc4 15.
Qxc4 Nd5 16. Bh2 a5 17. e4 Nb4 18. Qe2 Re8 19. Kh1 Qb6 20. Rad1 Rad8 21. f4 Nf8
22. Qf2 f6 23. Bg1 Qc7 24. Qe2 Bd6 25. e5 Be7 26. exf6 Bxf6 27. Ne4 Nd5 28. Bh2
Qb6 29. Nxf6+ gxf6 30. Qf2 f5 31. Bg3 Rd7 32. Rfe1 Qc7 33. gxf5 gxf5 34. Bf3
Ree7 35. Rg1 Rg7 36. Bxd5 exd5 37. Bh4 Qd6 38. Rde1 Rxg1+ 39. Rxg1+ Rg7 40. Re1
Qg6 41. Bg5 Nh7 42. Bd8 Nf6 43. Rg1 Ne4 44. Qe1 Qh5 45. Rxg7+ Kxg7 46. Kh2 Qf3
47. Bc7 Kf7 48. Be5 Qb3 49. Qg1 Qxb2+ 50. Qg2 Qxg2+ 51. Kxg2 b5 0-1

[Event "Elit(Rockaden,Umea-Kamraterna)"]
[Site "?"]
[Date "2012.03.09"]
[Round "7"]
[White "Nygren, David"]
[Black "Hattab, Hashim"]
[Result "1-0"]
[WhiteElo "2194"]
[BlackElo "2000"]
[PlyCount "61"]

1. e4 d6 2. d4 Nf6 3. Nc3 g6 4. Bf4 Nh5 5. Bg5 h6 6. Bh4 Bg7 7. Bc4 c6 8. a4
Qb6 9. Nge2 g5 10. Bg3 Nxg3 11. hxg3 e6 12. Bb3 Nd7 13. a5 Qd8 14. f4 a6 15. f5
exf5 16. exf5 d5 17. g4 Nf6 18. Ng3 Qd6 19. Qd3 O-O 20. O-O-O Qf4+ 21. Kb1 Nxg4
22. f6 Nxf6 23. Rdf1 Qg4 24. Rxf6 Bxf6 25. Rxh6 Re8 26. Qh7+ Kf8 27. Rxf6 Re1+
28. Ka2 Ke8 29. Qxf7+ Kd8 30. Rd6+ Bd7 31. Nf5 1-0